Deep learning : (Record no. 50484)

MARC details
000 -LEADER
fixed length control field 01258cam a2200325 i 4500
001 - CONTROL NUMBER
control field vtls003277325
003 - CONTROL NUMBER IDENTIFIER
control field MY-SjTCS
005 - DATE AND TIME OF LATEST TRANSACTION
control field 20200306164537.0
008 - FIXED-LENGTH DATA ELEMENTS--GENERAL INFORMATION
fixed length control field 190703t20182018caua b 001 0 eng
020 ## - INTERNATIONAL STANDARD BOOK NUMBER
International Standard Book Number 9781506368580
Qualifying information paperback
039 #9 - LEVEL OF BIBLIOGRAPHIC CONTROL AND CODING DETAIL [OBSOLETE]
Level of rules in bibliographic description 201909271638
Level of effort used to assign nonsubject heading access points shuhada
Level of effort used to assign subject headings 201909271638
Level of effort used to assign classification shuhada
-- 201907031255
-- malathy
040 ## - CATALOGING SOURCE
Original cataloging agency DLC
Language of cataloging eng
Transcribing agency DLC
Modifying agency DLC
-- TUL
Description conventions rda
082 04 - DEWEY DECIMAL CLASSIFICATION NUMBER
Classification number 371.207
Item number FUL 2018
100 1# - MAIN ENTRY--PERSONAL NAME
Personal name Fullan, Michael,
Relator term author.
9 (RLIN) 17460
245 10 - TITLE STATEMENT
Title Deep learning :
Remainder of title engage the world, change the world /
Statement of responsibility, etc. Michael Fullan, Joanne Quinn, Joanne McEachen.
264 #1 - PRODUCTION, PUBLICATION, DISTRIBUTION, MANUFACTURE, AND COPYRIGHT NOTICE
Place of production, publication, distribution, manufacture Thousand Oaks, California :
Name of producer, publisher, distributor, manufacturer a Joint publication Corwin, a SAGE Publishing Company, Ontario Principals Council,
Date of production, publication, distribution, manufacture, or copyright notice [2018]
264 #4 - PRODUCTION, PUBLICATION, DISTRIBUTION, MANUFACTURE, AND COPYRIGHT NOTICE
Date of production, publication, distribution, manufacture, or copyright notice ©2018
300 ## - PHYSICAL DESCRIPTION
Extent xvii, 187 pages :
Other physical details illustrations ;
Dimensions 26 cm
336 ## - CONTENT TYPE
Content type term text
Source rdacontent
337 ## - MEDIA TYPE
Media type term unmediated
Source rdamedia
338 ## - CARRIER TYPE
Carrier type term volume
Source rdacarrier
504 ## - BIBLIOGRAPHY, ETC. NOTE
Bibliography, etc. note Includes bibliographical references and index.
650 #0 - SUBJECT ADDED ENTRY--TOPICAL TERM
Topical term or geographic name entry element Educational planning.
9 (RLIN) 254109
650 #0 - SUBJECT ADDED ENTRY--TOPICAL TERM
Topical term or geographic name entry element Educational change.
9 (RLIN) 93526
650 #0 - SUBJECT ADDED ENTRY--TOPICAL TERM
Topical term or geographic name entry element School improvement programs.
9 (RLIN) 254110
650 #0 - SUBJECT ADDED ENTRY--TOPICAL TERM
Topical term or geographic name entry element Motivation in education.
9 (RLIN) 4326
700 1# - ADDED ENTRY--PERSONAL NAME
Personal name Quinn, Joanne,
Relator term author.
9 (RLIN) 254111
700 1# - ADDED ENTRY--PERSONAL NAME
Personal name McEachen, Joanne,
Relator term author.
9 (RLIN) 254112
920 ## - Programme
Programme SOED : 235323
Holdings
Withdrawn status Lost status Source of classification or shelving scheme Damaged status Not for loan Home library Current library Date acquired Total Checkouts Barcode Date last seen Copy number Uniform Resource Identifier Koha item type Public note
    Dewey Decimal Classification     Taylor's Library-TU Taylor's Library-TU 19/09/2019   5000164782 05/12/2019 1 Floor 4, Shelf 11 , Side 1, TierNo 4, BayNo 3 Main Collection SOEDx,91606,03,RA